Normal view
MARC view
- Hoffman,Edward/ Compton,William C
Entry Personal Name
001 - CONTROL NUMBER
- control field: 6236
003 - CONTROL NUMBER IDENTIFIER
- control field: JO-AjAnu
005 - DATE AND TIME OF LATEST TRANSACTION
- control field: 20230606071318.0
008 - FIXED-LENGTH DATA ELEMENTS
- fixed length control field: 230606|| aca||aabn | a|a d
040 ## - CATALOGING SOURCE
- Original cataloging agency: JO-AjAnu
- Transcribing agency: JO-AjAnu
100 ## - HEADING--PERSONAL NAME
- Personal name: Hoffman,Edward/ Compton,William C
670 ## - SOURCE DATA FOUND
- Source citation: Work cat.: (JO-AjAnu)3232: Hoffman,Edward/ Compton,William C, author, Positive Psychology: A Workbook for Personal Growth and Well-Being